Tilastot visalle Aasian valtiot

Klikkaa tästä pelataksesi tätä visaa!

Yleistilastot

  • Tätä visaa on pelattu 4 734 kertaa
  • Keskiarvotulos 37 / 48

Vastaukset kartalla

Vastauksille on annettu kartalla punavihreä väri sen mukaan, kuinka moni on saanut sen oikein.
Ladataan ...
 

Vastaustilastot

Valtio% Oikein
Kiina
98%
Intia
98%
Japani
97%
Pohjois-Korea
96%
Etelä-Korea
96%
Turkki
94%
Iran
94%
Irak
94%
Thaimaa
93%
Mongolia
92%
Saudi-Arabia
91%
Indonesia
89%
Kazakstan
88%
Vietnam
86%
Filippiinit
83%
Oman
83%
Israel
83%
Pakistan
82%
Afganistan
82%
Jemen
82%
Nepal
81%
Syyria
81%
Sri Lanka
78%
Yhdistyneet
arabiemiirikunnat
76%
Uzbekistan
76%
Turkmenistan
75%
Laos
75%
Taiwan
75%
Bangladesh
73%
Myanmar
72%
Malesia
70%
Jordania
69%
Kypros
68%
Georgia
68%
Armenia
68%
Qatar
66%
Singapore
66%
Azerbaidžan
64%
Kirgisia
61%
Bhutan
60%
Kambodža
59%
Tadžikistan
59%
Kuwait
56%
Malediivit
56%
Libanon
55%
Itä-Timor
54%
Bahrain
49%
Brunei
48%

Tulosjakauma

Persentiili vastausten määrän mukaan

Jokaisen tuloksen saaneiden osuus

Tuloshistoriasi

Et ole pelannut tätä visaa